| 000 | 00644nam a2200205Ia 4500 | ||
|---|---|---|---|
| 003 | GCL | ||
| 008 | 140319s9999 xx 000 0 ara d | ||
| 040 |
_aGCL / _cGCL |
||
| 082 | 0 | 4 |
_a250 _bب ت |
| 100 | 1 | _aالزرنوجى , برهان الدين | |
| 245 | 1 | 0 |
_aتعليم المتعلم فى طريق التعلم / _cالزرنوجى , برهان الدين |
| 700 | 1 | _aصلاح محمد الخيمى (تحقيق) | |
| 700 | 1 | _aنترير حمدان | |
| 260 |
_a[S.N] : _bدار بن كثير ، _c1987 |
||
| 300 | _a130 ص | ||
| 490 | _a | ||
| 650 | 0 | 4 | _aالاسلام |
| 650 | 0 | 4 | _aالفقه الاسلامى |
| 942 |
_2ddc _cBK |
||
| 999 |
_c38059 _d38059 |
||